000 01161nam0a22002291 4500
001 rc\1163667
005 20250622204045.0
035 _a(NLR Aleph) 006407595
090 _a5311731
_c5311731
100 _a20041129d1980 |||y0rusy50 ca
101 0 _arus
102 _aRU
105 _ay |||||||||
200 1 _aСправка по вопросу использования ионизирующего излучения для получения кормовых углеводных добавок
_e(Тема 2/77 поисковая)
_fГл. упр. микробиол. пром-сти при Совете Министров СССР, ВПО "Союзгидролизпром", Науч.-произв. гидролиз. об-ние НПО "Гидролизпром", ВНИИ гидролиза растит. материалов ВНИИгидролиз
_gРуководитель к. х. н. А.С. Климентов
210 _aЛ.
_cНПО "Гидролизпром"
_d1980
215 _a37 л.
_d30
333 _aДСП. Экз. № 4
801 0 _aRU
_bNLR
_gpsbo
801 1 _aRU
_bELAR
_2rusmarc
852 _aNLR
_j81-50К/1539
942 _cBOOK
980 _aNB